000 00301pab a2200121 454500
008 180718b xxu||||| |||| 00| 0 eng d
100 _aMukherjee, Amitabha
245 _aCrises of attitude in bureaucracy
650 _a Bureaucracy
650 _aCivil Service
773 _aFinancial Express
909 _a2405
999 _c2405
_d2405